| 000 | 01528cam a2200325 a 4500 | ||
|---|---|---|---|
| 005 | 20260322212031.0 | ||
| 008 | data | ||
| 010 | _a 2007005996 | ||
| 020 | _a9781416544319 | ||
| 020 | _a1416544313 | ||
| 040 |
_aDLC _cDLC _dDLC |
||
| 050 | 0 | 0 |
_aBV4598.3 _b.J36 2007 |
| 082 | 0 | 0 |
_a248.4 _222 |
| 092 | _a248.4 Jak 2007 | ||
| 100 | 1 | _aJakes, T. D. | |
| 245 | 1 | 0 |
_aReposition yourself : _bliving life without limits / _cT. D. Jakes. |
| 250 | _a1st Atria Books hardcover ed. | ||
| 260 |
_aNew York : _bAtria Books, _c2007. |
||
| 300 |
_ax, 278 p. ; _c24 cm. |
||
| 600 | 1 | 0 | _aJakes, T. D. |
| 650 | 0 |
_aSuccess _xChristianity. _xChristianity. |
|
| 856 | 4 | 2 |
_3Publisher description _uhttp://www.loc.gov/catdir/enhancements/fy0710/2007005996-d.html |
| 856 | 4 | 1 |
_3Table of contents only _uhttp://www.loc.gov/catdir/enhancements/fy0712/2007005996-t.html |
| 856 | 4 | 1 |
_3Sample text _uhttp://www.loc.gov/catdir/enhancements/fy0712/2007005996-s.html |
| 856 | 4 | 2 |
_3Contributor biographical information _uhttp://www.loc.gov/catdir/enhancements/fy0902/2007005996-b.html |
| 906 |
_a7 _bcbc _corignew _d1 _eecip _f20 _gy-gencatlg |
||
| 925 | 0 |
_aacquire _b2 shelf copies _xpolicy default |
|
| 955 |
_dsh06 2007-02-16 _esh06 2007-02-16 _fpv15 2007-07-19 CIP ver. to BCCD |
||
| 001 | data | ||
| 999 |
_c713 _d713 |
||